000 00466nam a22001577a 4500
003 Ost
005 20260416120934.0
008 260414b |||||||| |||| 00| 0 eng d
040 _cBT-PhCST
050 _aD4675
082 _222
_a388.4
245 _aLow emmissions transport master plan /
_cVolume 2 Appendices
260 _bMinistry of infrastructure & Transport Ove Arup & Partners Ireland Limited,
_cc2023.
300 _a87 p. ;
_bill. ;
_c29 cm.
942 _2ddc
_cAE
999 _c10242
_d10242